El plan de vacunación obligatoria de los hijos prevalece ante la negativa de los progenitores (Registro nro. 32890)

Detalles MARC
000 -LEADER
fixed length control field 00444 a2200121 4500
001 - CONTROL NUMBER
control field ART_48595
005 - DATE AND TIME OF LATEST TRANSACTION
control field 20260410162018.0
008 - FIXED-LENGTH DATA ELEMENTS--GENERAL INFORMATION
fixed length control field 260409a
100 1# - MAIN ENTRY--PERSONAL NAME
Personal name Olmo, Juan P.
245 10 - TITLE STATEMENT
Title El plan de vacunación obligatoria de los hijos prevalece ante la negativa de los progenitores
700 1# - ADDED ENTRY--PERSONAL NAME
Personal name Scasserra, Selene I.
773 0# - HOST ITEM ENTRY
Title Temas de derecho de familia, sucesiones y bioética
Related parts - Año 4, N° 3 (mar. 2019)
Record control number REV41029

No hay ítems disponibles.